000 00568nam a22001817a 4500
003 OSt
005 20250411112348.0
008 110425s1958 dr c 000 0 spa d
040 _aDO-SdBNP
_bspa
_cBNPHU
082 4 _a972.93053
_bV424a,
100 1 _aVegueriza, Teodoro
_956405
245 1 0 _aAcción y doctrina de un régimen político /
_cTeodoro Vegueriza.
260 _aSanto Domingo :
_bEditora del Caribe,
_c1958.
300 _a56 p. :
_bil., retrs. ;
_c23 cm.
590 _aInventariado, 2020/ YL
910 _aValidado. Control de calidad MFF
942 _2ddc
_cLF2
999 _c49073
_d49073